Your name - another side: earthbound (Titelsatznr. 1497)

[ MARC ]
MARC-Details
000 -LEADER
fixed length control field 02900pam a2200733 cc4500
001 - CONTROL NUMBER
control field 1170904769
003 - CONTROL NUMBER IDENTIFIER
control field DE-101
005 - DATE AND TIME OF LATEST TRANSACTION
control field 20260212132605.0
007 - PHYSICAL DESCRIPTION FIXED FIELD--GENERAL INFORMATION
fixed length control field tu
008 - FIXED-LENGTH DATA ELEMENTS--GENERAL INFORMATION
fixed length control field 181108s2019 gw ||||| |||| 00||||ger
015 ## - NATIONAL BIBLIOGRAPHY NUMBER
National bibliography number 19,A34
Canceled/invalid national bibliography number 18,N46
Source dnb
016 7# - NATIONAL BIBLIOGRAPHIC AGENCY CONTROL NUMBER
Source DE-101
Record control number 1170904769
020 ## - INTERNATIONAL STANDARD BOOK NUMBER
International Standard Book Number 9783770457861
Terms of availability Broschur : EUR 7.50 (DE), EUR 7.80 (AT), CHF 10.90 (freier Preis)
020 ## - INTERNATIONAL STANDARD BOOK NUMBER
International Standard Book Number 3770457862
024 3# - OTHER STANDARD IDENTIFIER
Standard number or code 9783770457861
028 52 - PUBLISHER OR DISTRIBUTOR NUMBER
Publisher or distributor number Bestellnummer: 375/45786
035 ## - SYSTEM CONTROL NUMBER
System control number (DE-599)DNB1170904769
035 ## - SYSTEM CONTROL NUMBER
System control number (OCoLC)1065726568
040 ## - CATALOGING SOURCE
Original cataloging agency 1145
Language of cataloging ger
Transcribing agency DE-101
Modifying agency 1247
Description conventions rda
041 ## - LANGUAGE CODE
Language code of text/sound track or separate title ger
Language code of original jpn
044 ## - COUNTRY OF PUBLISHING/PRODUCING ENTITY CODE
ISO country code XA-DE
082 74 - DEWEY DECIMAL CLASSIFICATION NUMBER
Classification number 741.5
Assigning agency DE-101
Edition number 23sdnb
100 1# - MAIN ENTRY--PERSONAL NAME
Authority record control number or standard number (DE-588)1190600102
-- https://d-nb.info/gnd/1190600102
-- (DE-101)1190600102
Personal name Nakamura, Junʼya
Relator term Künstler
Relationship art
Source of heading or term gnd
245 10 - TITLE STATEMENT
Title Your name - another side: earthbound
Number of part/section of a work 1 / aus dem Japanischen von Claudia Peter
Statement of responsibility, etc. Manga: Jyunya Nakamura ; Originalwerk: Arata Kanoh ; Originalentwurf: Makoto Shinkai
250 ## - EDITION STATEMENT
Edition statement Deutschsprachige Ausgabe, 1. Auflage
264 31 - PRODUCTION, PUBLICATION, DISTRIBUTION, MANUFACTURE, AND COPYRIGHT NOTICE
Place of production, publication, distribution, manufacture Berlin
Name of producer, publisher, distributor, manufacturer Egmont Manga
Date of production, publication, distribution, manufacture, or copyright notice 2019
300 ## - PHYSICAL DESCRIPTION
Extent 161 Seiten
Dimensions 18 cm
336 ## - CONTENT TYPE
Content type term unbewegtes Bild
Content type code sti
Source rdacontent
336 ## - CONTENT TYPE
Content type term Text
Content type code txt
Source rdacontent
337 ## - MEDIA TYPE
Media type term ohne Hilfsmittel zu benutzen
Media type code n
Source rdamedia
338 ## - CARRIER TYPE
Carrier type term Band
Carrier type code nc
Source rdacarrier
653 ## - INDEX TERM--UNCONTROLLED
Uncontrolled term (Produktform)Paperback / softback
653 ## - INDEX TERM--UNCONTROLLED
Uncontrolled term (Produktform (spezifisch))Unflipped manga format
653 ## - INDEX TERM--UNCONTROLLED
Uncontrolled term Makoto Shinkai
653 ## - INDEX TERM--UNCONTROLLED
Uncontrolled term Japan
653 ## - INDEX TERM--UNCONTROLLED
Uncontrolled term Schrein
653 ## - INDEX TERM--UNCONTROLLED
Uncontrolled term Liebe
653 ## - INDEX TERM--UNCONTROLLED
Uncontrolled term Land
653 ## - INDEX TERM--UNCONTROLLED
Uncontrolled term Provinz
653 ## - INDEX TERM--UNCONTROLLED
Uncontrolled term Großstadt
653 ## - INDEX TERM--UNCONTROLLED
Uncontrolled term Tokyo
653 ## - INDEX TERM--UNCONTROLLED
Uncontrolled term Meteorit
653 ## - INDEX TERM--UNCONTROLLED
Uncontrolled term Komet
653 ## - INDEX TERM--UNCONTROLLED
Uncontrolled term Zeitreise
653 ## - INDEX TERM--UNCONTROLLED
Uncontrolled term Welterfolg
653 ## - INDEX TERM--UNCONTROLLED
Uncontrolled term Ghibli
653 ## - INDEX TERM--UNCONTROLLED
Uncontrolled term Kimi no na wa
653 ## - INDEX TERM--UNCONTROLLED
Uncontrolled term Kinofilm
653 ## - INDEX TERM--UNCONTROLLED
Uncontrolled term Manga
653 ## - INDEX TERM--UNCONTROLLED
Uncontrolled term Anime
653 ## - INDEX TERM--UNCONTROLLED
Uncontrolled term (Produktgruppe)00004: Egmont Manga
653 ## - INDEX TERM--UNCONTROLLED
Uncontrolled term (DDB-Sachgruppen)08: Comics, Cartoons, Karikaturen
653 ## - INDEX TERM--UNCONTROLLED
Uncontrolled term (VLB-WN)2182: Taschenbuch / Belletristik/Comic, Cartoon, Humor, Satire/Manga, Manhwa
655 #7 - INDEX TERM--GENRE/FORM
Authority record control number or standard number (DE-588)4010427-8
-- https://d-nb.info/gnd/4010427-8
-- (DE-101)040104273
Genre/form data or focus term Comic
Source of term gnd-content
700 1# - ADDED ENTRY--PERSONAL NAME
Field link and sequence number 1\p
Authority record control number or standard number (DE-588)1325267120
-- https://d-nb.info/gnd/1325267120
-- (DE-101)1325267120
Personal name Peter, Claudia
Dates associated with a name 1941-
Relator term Übersetzer
Relationship trl
Source of heading or term gnd
710 2# - ADDED ENTRY--CORPORATE NAME
Field link and sequence number 2\p
Authority record control number or standard number (DE-588)1065555091
-- https://d-nb.info/gnd/1065555091
-- (DE-101)1065555091
Corporate name or jurisdiction name as entry element EMA - Egmont Manga und Anime
Relator term Verlag
Relationship pbl
Source of heading or term gnd
773 08 - HOST ITEM ENTRY
Enumeration and first page 11
Record control number (DE-101)1190600455
776 08 - ADDITIONAL PHYSICAL FORM ENTRY
Relationship information Erscheint auch als
Note Online-Ausgabe
International Standard Book Number 9783770457878
856 42 - ELECTRONIC LOCATION AND ACCESS
Contact for access assistance X:MVB
Electronic format type text/html
Uniform Resource Identifier <a href="http://deposit.dnb.de/cgi-bin/dokserv?id=6606e5805c1e479aa2c50c1f7f61fa0c&prov=M&dok_var=1&dok_ext=htm">http://deposit.dnb.de/cgi-bin/dokserv?id=6606e5805c1e479aa2c50c1f7f61fa0c&prov=M&dok_var=1&dok_ext=htm</a>
Materials specified Inhaltstext
883 2# - METADATA PROVENANCE
Field link and sequence number 1\p
Creation process dnb
Creation date 20240404
Assigning or generating agency DE-101
Uniform Resource Identifier https://d-nb.info/provenance/plan#dnb
883 1# - METADATA PROVENANCE
Field link and sequence number 2\p
Creation process adb
Creation date 20211003
Assigning or generating agency DE-101
Uniform Resource Identifier https://d-nb.info/provenance/plan#adb
942 ## - ADDED ENTRY ELEMENTS (KOHA)
Source of classification or shelving scheme Dewey Decimal Classification
Koha item type Manga
Suppress in OPAC No
Exemplare
Withdrawn status Lost status Source of classification or shelving scheme Damaged status Not for loan Home library Current library Shelving location Date acquired Total checkouts Barcode Date due Date last seen Date last checked out Price effective from Koha item type
    Dewey Decimal Classification     Bunte Manga Potsdam Bunte Manga Potsdam Romance Hetero 02/12/2026 1 1477 03/31/2026 02/21/2026 02/21/2026 02/12/2026 Manga

Powered by Koha